[Event "45th Olympiad 2024"]
[Site "Budapest HUN"]
[Date "2024.09.13"]
[Round "3.34"]
[Board "4"]
[White "Eltag, Siddig"]
[Black "Vanczak, Tamas"]
[Result "0-1"]
[WhiteElo "2138"]
[BlackElo "2401"]
[PlyCount "112"]
[EventDate "2024.09.11"]
[WhiteTeam "Sudan"]
[BlackTeam "Hungary C"]
[WhiteTeamCountry "SUD"]

1. d4 Nf6 2. c4 e6 3. Nf3 c5 4. d5 exd5 5. cxd5 d6 6. g3 g6 7. Bg2 Bg7 8. Nc3 O-O 9. Qa4 $146 ({RR} 9. Nd2 a6 10. a4 Nbd7 11. Nc4 Nb6 12. Na3 Bd7 13. O-O Nc8 14. Bg5 h6 15. Bd2 Rb8 16. e4 b5 17. axb5 axb5 18. Ne2 Nb6 19. b4 Re8 20. bxc5 dxc5 21. Bf4 Nxe4 22. Rb1 Rc8 23. Nxb5 Bxb5 {½-½ Sehlstedt,B-Botez,C WchT Students 04th 1957 (11.3)}) ({RR} 9. Nd2 Nbd7 10. Nc4 Nb6 11. Ne3 Re8 12. h3 a6 13. a4 Nbd7 14. a5 b5 15. axb6 Nxb6 16. O-O Rb8 17. Qc2 Nh5 18. Ng4 Qe7 19. Nh6+ Kh8 20. Ne4 Rf8 21. g4 Nf6 22. Nxf6 Qxf6 23. g5 Qd4 {½-½ Kempinski,R (2620)-Ragger,M (2658) Bundesliga 1415 2014 (11.5)}) ({RR} 9. Kf1 Nbd7 10. e4 a6 11. a4 Re8 12. Qc2 Rb8 13. a5 b5 14. axb6 Qxb6 15. Kg1 Ng4 16. h3 Nge5 17. Kh2 Nxf3+ 18. Bxf3 Ne5 19. Bg2 f5 20. f4 Nf7 21. Re1 Bd4 22. e5 dxe5 23. fxe5 Rxe5 {0-1 Eggink,R (2386)-Vasli,A (2394) Titled Tue 23rd Jan Early 2024 (3)}) ({RR} 9. Nd2 b6 10. O-O Ba6 11. a4 Ne8 12. Re1 Nd7 13. Qc2 Nc7 14. b3 f5 15. Bb2 Ne5 16. f4 Ng4 17. Nd1 Bxb2 18. Qxb2 Bb7 19. e4 fxe4 20. Nxe4 Bxd5 21. Ndc3 Bxe4 22. Bxe4 Rb8 23. Bd5+ Kh8 {1-0 Lukin,A-Lutikov,A URS-ch34 Semifinal 1966}) 9... Bg4 10. Bg5 Bxf3 11. Bxf3 h6 12. Bf4 a6 13. h4 Ne8 14. O-O Nd7 15. e4 Ne5 16. Be2 b5 17. Qd1 Nc7 18. Qd2 Kh7 19. a3 a5 20. Bxe5 Bxe5 21. Nxb5 Nxb5 22. Bxb5 a4 23. Rab1 Qb6 24. Bc6 Ra6 25. Rfc1 Rb8 26. Qd3 Qa7 27. Rc4 Rb3 28. Qc2 Rab6 29. Rxa4 Qc7 30. Rb4 Rxg3+ 31. fxg3 cxb4 32. Kg2 bxa3 33. bxa3 Rxb1 34. Qxb1 Qa5 35. Qb4 Qa6 36. Qd2 Qxa3 37. Qf2 Kg7 38. Be8 Bf6 39. Qf3 Qb2+ 40. Kh3 h5 41. Ba4 Be5 42. Bd1 Qd4 43. Kg2 Qd2+ 44. Qe2 Qc3 45. Qf3 Qe1 46. Be2 Bxg3 47. Qxg3 Qxe2+ 48. Kh3 Qxe4 49. Qxd6 Qg4+ 50. Kh2 Qxh4+ 51. Kg2 Qe4+ 52. Kf2 h4 53. Qc5 Qe5 54. Qc6 Qg3+ 55. Ke2 Qg2+ 56. Ke3 h3 0-1

[Event "45th Olympiad 2024"]
[Site "Budapest HUN"]
[Date "2024.09.13"]
[Round "3.35"]
[Board "1"]
[White "Ahmad, Al Khatib"]
[Black "Keinanen, Toivo"]
[Result "1/2-1/2"]
[WhiteElo "2302"]
[BlackElo "2554"]
[PlyCount "102"]
[EventDate "2024.09.11"]
[WhiteTeam "Jordan"]
[BlackTeam "Finland"]
[WhiteTeamCountry "JOR"]
[BlackTeamCountry "FIN"]

1. d4 d5 2. c4 e6 3. Nc3 Be7 4. Nf3 Nf6 5. Bg5 h6 6. Bxf6 Bxf6 7. Rc1 ({RR} 7. Qc2 dxc4 8. e3 c5 9. dxc5 Qa5 10. Bxc4 Qxc5 11. Ne4 Qa5+ 12. Ke2 Be7 13. Rhc1 Bd7 14. Qc3 Qxc3 15. Rxc3 Nc6 16. a3 f5 17. Ned2 Bf6 18. Rc2 Ke7 19. Nb3 Rhd8 20. Nc5 Bc8 21. Rac1 Na5 {½-½ Wang,Y (2739)-Carlsen,M (2776) Linares 26th 2009 (3)}) ({RR} 7. e4 c6 8. e5 Be7 9. cxd5 exd5 10. Bd3 O-O 11. h3 f5 12. Qc2 Be6 13. O-O Nd7 14. Nh2 a5 15. f4 b5 16. g4 g6 17. Qg2 Kh7 18. Kh1 a4 19. a3 Qb6 20. Ne2 Rf7 21. Rg1 Rg8 {0-1 Novak,R (2034)-Demin,V (2430) Titled Tue 23rd Apr Early 2024 (7)}) 7... dxc4 $146 ({RR} 7... O-O) ({RR} 7... c6 8. e4 dxe4 9. Nxe4 Nd7 10. Bd3 c5 11. O-O cxd4 12. Re1 O-O 13. c5 g6 14. b4 Bg7 15. Qd2 a5 16. b5 Qe7 17. Qf4 e5 18. Qg3 Nf6 19. Nxf6+ Qxf6 20. Nxe5 Be6 21. Nxg6 Rfe8 22. Ne5 {1-0 Hoi,C (2400)-Pedersen,S (2418) DEN-chT 1314 52nd 2013 (9.4)}) 8. e3 Nd7 9. Bxc4 c5 10. Ne4 Qa5+ 11. Rc3 O-O 12. Nxf6+ Nxf6 13. O-O b5 14. Be2 c4 15. a4 Nd5 16. Rc1 c3 17. axb5 cxb2 18. Rc2 a6 19. Rxb2 Nc3 20. Qa1 axb5 21. Qxa5 Rxa5 22. Ne5 Bb7 23. Bf3 Bxf3 24. gxf3 Rfa8 25. Rc1 Ra1 26. Rxa1 Rxa1+ 27. Kg2 Rb1 28. Rxb1 Nxb1 29. Kf1 f6 30. Nd3 Nd2+ 31. Ke2 Nc4 32. Nc5 Kf7 33. Kd3 Ke7 34. Kc3 g5 35. Nb3 Kd6 36. Kb4 Kc6 37. e4 e5 38. d5+ Kb6 39. Nc5 Kc7 40. Nb3 Kb6 41. Nc5 Kc7 42. Kxb5 Nd2 43. Nd3 Nxf3 44. Kc5 Nxh2 45. d6+ Kd8 46. Kd5 Nf3 47. Ke6 h5 48. d7 h4 49. Nc5 Nd4+ 50. Kd6 Nb5+ 51. Kc6 Nd4+ 1/2-1/2

[Event "45th Olympiad 2024"]
[Site "Budapest HUN"]
[Date "2024.09.13"]
[Round "3.35"]
[Board "4"]
[White "Wartiovaara, Oliver"]
[Black "Rakan Dasa"]
[Result "1/2-1/2"]
[WhiteElo "2300"]
[BlackElo "1975"]
[PlyCount "137"]
[EventDate "2024.09.11"]
[WhiteTeam "Finland"]
[BlackTeam "Jordan"]
[WhiteTeamCountry "FIN"]
[BlackTeamCountry "JOR"]

1. e4 c6 2. d4 d5 3. exd5 cxd5 4. Nf3 Nf6 5. c3 Nc6 6. Ne5 Qb6 $146 ({RR} 6... g6 7. Bb5 Bd7 8. Qb3 a6 9. Bd3 Na5 10. Qd1 Bg7 11. Nd2 O-O 12. h4 Nc6 13. f4 Bf5 14. Be2 h5 15. Nf1 Ne4 16. g4 hxg4 17. Bxg4 Qc8 18. Ne3 Bxg4 19. N5xg4 e6 20. Qf3 f5 21. Nf2 {0-1 Mona,K (2154)-Wageih,K (2316) Cairo Masters op 2014 (8)}) ({RR} 6... a6 7. Bd3 g6 8. O-O Bg7 9. Re1 O-O 10. Nd2 Nxe5 11. dxe5 Nd7 12. Nf3 Nc5 13. Nd4 Bg4 14. f3 Bd7 15. Bg5 Re8 16. Bh4 b5 17. Kh1 Rc8 18. Bf1 Qb6 19. Qd2 a5 20. a3 Qb7 21. Rad1 {0-1 Kramnik,V (2792)-Caruana,F (2816) Paris GCT blitz 2018 (16)}) ({RR} 6... e6 7. Bb5 Bd7 8. Nxd7 Qxd7 9. O-O Bd6 10. Nd2 Qc7 11. Nf3 O-O 12. Bd3 Rab8 13. a4 a6 14. Qe2 Rfe8 15. Bg5 Nd7 16. Rad1 h6 17. Bc1 Bf4 18. Bxf4 Qxf4 19. g3 Qf6 20. Kg2 e5 21. dxe5 {0-1 Balint,P (2187)-Pacan-Milej,K (2425) 34th Cracovia Open A 2023 (6.7)}) ({RR} 6... g6 7. f4 Bg7 8. Bd3 O-O 9. O-O Bf5 10. Bxf5 gxf5 11. Nd2 e6 12. Rf3 Ne4 13. Nxe4 dxe4 14. Rg3 Qe7 15. Qh5 f6 16. Rh3 Bh8 17. Ng6 Qf7 18. Nxf8 Qxh5 19. Rxh5 Rxf8 20. Be3 Ne7 21. Kf2 {½-½ Oganisjan,R (2352)-Sukhov,M (2128) Izmailov Memorial op 11th 2007}) 7. Bd3 g6 8. Qf3 Bg7 9. O-O Be6 10. Re1 O-O 11. Nd2 Nxe5 12. dxe5 Nd7 13. Qg3 d4 14. Nf3 dxc3 15. bxc3 Rfd8 16. Bg5 Nf8 17. Be4 Qc7 18. Qh4 Rd7 19. Re3 Rad8 20. Bc2 Bd5 21. Ba4 Bc6 22. Bb3 Bxf3 23. gxf3 Ne6 24. Bxe6 fxe6 25. Rae1 Rf8 26. f4 Bh8 27. Qg4 Qc4 28. a3 Qb3 29. h4 h5 30. Qg3 Kh7 31. Rd3 Rfd8 32. Rxd7 Rxd7 33. f5 exf5 34. e6 Rd1 35. Rxd1 Qxd1+ 36. Kh2 Qe2 37. Qg2 Bxc3 38. Qxb7 Qxe6 39. Bxe7 Be5+ 40. Kg2 Qf7 41. Qb4 Qd5+ 42. f3 Qc6 43. Qb3 Kg7 44. Bg5 Qd7 45. a4 Bf6 46. Bxf6+ Kxf6 47. Qc3+ Kf7 48. Qc4+ Kg7 49. Qc3+ Kh7 50. a5 Qe7 51. Qc4 Qd7 52. a6 Kg7 53. Qc3+ Kg8 54. Qf6 Qf7 55. Qd8+ Kg7 56. Qd4+ Kg8 57. Qd8+ Kh7 58. Qc8 Kg7 59. Qc3+ Kg8 60. Qc8+ Kg7 61. Qc3+ Kf8 62. Qc8+ Ke7 63. Qc7+ Ke6 64. Qc4+ Ke7 65. Qc7+ Kf8 66. Qc8+ Kg7 67. Qc3+ Kh7 68. Qc8 Kg7 69. Qc3+ 1/2-1/2

[Event "45th Olympiad 2024"]
[Site "Budapest HUN"]
[Date "2024.09.13"]
[Round "3.36"]
[Board "1"]
[White "Maksimovic, Bojan"]
[Black "Al-Ali, Hussein Ali Hussein"]
[Result "1-0"]
[WhiteElo "2503"]
[BlackElo "2122"]
[PlyCount "69"]
[EventDate "2024.09.11"]
[WhiteTeam "Bosnia & Herzegovina"]
[BlackTeam "Iraq"]
[WhiteTeamCountry "BIH"]
[BlackTeamCountry "IRQ"]

1. e4 {ChessBase II} e6 2. d4 d5 3. Nc3 dxe4 4. Nxe4 Nd7 5. Nf3 Ngf6 6. Nxf6+ Nxf6 7. c3 ({RR} 7. g3 b6 8. Bb5+ Bd7 9. a4 a6 10. Be2 Bc6 11. O-O Bd6 12. Ne5 Bxe5 13. dxe5 Qd5 14. Qxd5 Nxd5 15. a5 b5 16. Bd2 O-O-O 17. Rfd1 Rd7 18. f3 Ne7 19. Kf2) 7... c5 8. Ne5 a6 9. Qa4+ ({RR} 9. Bg5 Be7 10. dxc5 Qxd1+ 11. Rxd1 Bxc5 12. Be2 h6 13. Bh4 g5 14. Bg3 Ne4 15. Bf3 Nxg3 16. hxg3 Ke7 17. Bxb7 Bxb7 18. Rd7+ Kf6 19. f4 gxf4 20. gxf4 Kf5 21. Rxf7+ Ke4 22. Rxb7 Rag8 23. Rc7 Be3) 9... Bd7 10. Nxd7 Nxd7 11. Be3 Qc7 12. g3 ({RR} 12. O-O-O O-O-O 13. Be2 Nb6 14. Qc2 Nd5 15. Kb1 c4 16. g3 Qc6 17. Bc1 Be7 18. f4 g6 19. Bf3 h5 20. h3 Qc7 21. Rhf1 b5 22. Be2 Kb8 23. Bd2 Ka7 24. Bf3 a5 25. Rfe1 Bf6 26. a3 Rd7 {1-0 Sivanandan,B (1898)-Banerjee,S (2137) 2nd Cambridge Int Open 2024 (3.17)}) 12... Rd8 $146 ({RR} 12... O-O-O 13. Bg2 Nb6 14. Qb3 c4 15. Qc2 Nd5 16. O-O h5 17. b3 Rd7 18. Qe2 cxb3 19. axb3 h4 20. c4 Nxe3 21. Qxe3 hxg3 22. hxg3 e5 23. Qxe5 Qxe5 24. dxe5 Bb4 25. Rad1 Re7 26. Rd5 f6 27. exf6 {½-½ Zinchenko,Y (2531)-Baklan,V (2618) UKR-chT final A 16th 2009 (3)}) ({RR} 12... O-O-O 13. Bg2 Nb6 14. Qb3 Nd5 15. Bg5 Be7 ({RR} 15... Rd7 16. O-O cxd4 17. cxd4 Kb8 18. Bd2 Be7 19. Rac1 Qd6 20. Rc4 Rc8 21. Rxc8+ Kxc8 22. Qc2+ Kb8 23. Qxh7 Bf6 24. Qd3 Qb6 25. Bc3 Nc7 26. Rd1 Nb5 27. d5 exd5 28. Bxf6 Qxf6 29. a4 Nc7 30. b4) 16. Bxe7 Nxe7 17. O-O cxd4 18. cxd4 Rxd4 19. Rac1 Nc6 20. Bxc6 bxc6 21. Rc3 Rhd8 22. Qc2 R8d6 23. Qxh7 f6 24. Qh5 e5 25. Rfc1 ({RR} 25. Rb3) 25... Rb4 ({RR} 25... Kb7) 26. Rxc6 Rxc6 27. Qe8+ {1-0 Svidler,P (2765)-Vaisser,A (2573) FRA-chT Poule Haute 2006 (8)}) ({RR} 12... O-O-O 13. Bg2 Nb6 14. Qb3 Nd5 15. Bg5 Rd7 16. O-O cxd4 17. cxd4 Kb8 18. Bd2 Be7 19. Rac1 Qd6 20. Rc4 Rc8 21. Rxc8+ Kxc8 22. Qc2+ Kb8 23. Qxh7 Bf6 24. Qd3 Qb6 25. Bc3 Nc7 26. Rd1 Nb5 27. d5 {½-½ Grischuk,A (2720)-Nogueiras Santiago,J (2547) WchT 6th Beersheba 2005 (1.3)}) 13. Bg2 Bd6 14. dxc5 Bxc5 15. Bxc5 Qxc5 16. Bxb7 O-O 17. O-O Ne5 18. Qc2 h5 19. Rad1 a5 20. Bg2 h4 21. Rxd8 Rxd8 22. Rd1 Rc8 23. Qe4 hxg3 24. hxg3 Rb8 25. Qd4 Qc7 26. b4 Rc8 27. b5 Rb8 28. a4 Nc4 29. Bc6 Nb6 30. c4 e5 31. Qh4 e4 32. c5 Nxa4 33. Rd7 Qe5 34. Bxe4 f5 35. Bd5+ 1-0

[Event "45th Olympiad 2024"]
[Site "Budapest HUN"]
[Date "2024.09.13"]
[Round "3.37"]
[Board "1"]
[White "Christie, Joshua"]
[Black "Bachmann, Axel"]
[Result "0-1"]
[WhiteElo "2271"]
[BlackElo "2560"]
[PlyCount "90"]
[EventDate "2024.09.11"]
[WhiteTeam "Jamaica"]
[BlackTeam "Paraguay"]
[WhiteTeamCountry "JAM"]
[BlackTeamCountry "PAR"]

1. d4 d5 2. c4 dxc4 3. e3 e5 4. Bxc4 Nc6 5. Nf3 e4 6. Nfd2 Qg5 7. Nxe4 Qxg2 8. Ng3 Qh3 ({RR} 8... Bd6 9. Bf1 Qd5 10. Nc3 Qg5 11. Nge4 Qd8 12. Rg1 Bf5 13. Qb3 Nh6 14. Qxb7 Bd7 15. Rxg7 Rb8 16. Nxd6+ cxd6 17. Qa6 Qh4 18. d5 Nb4 19. Qxd6 Rb6 20. Qe5+ Kd8 21. Rb1 Re8 22. Qg5+ Qxg5 23. Rxg5 {1-0 Andreikin,D (2724)-Aronian,L (2785) Chess.com Rapid Wk6 Swiss 2022 (8)}) ({RR} 8... Nf6 9. Bf1 Qd5 10. Nc3 Bb4 11. Bd2 Qd6 12. a3 Bxc3 13. bxc3 {½-½ Di Berardino,D (2516)-Bachmann,A (2624) Florianopolis op 4th 2018 (4)}) 9. Qh5 $146 ({RR} 9. Qb3 Nh6 10. Nc3 Bd6 11. Nce4 O-O 12. Nxd6 cxd6 13. Bd2 Bg4 14. Bd5 Rfe8 15. Bc3 Rab8 16. Kd2 Be6 17. Rag1 Ng4 18. Bxe6 fxe6 19. d5 Nxf2 20. dxc6 bxc6 21. Qc4 Nxh1 22. Rxh1 c5 23. Qe4 e5 {1-0 Polaczek,R (2302)-Thiel,T (2148) Titled Tue 1st Aug Early 2023 (6)}) ({RR} 9. Nc3 Nf6 10. Bd2 Bd6 11. Qe2 Bg4 12. Qf1 Qh4 13. Be2 Bxe2 14. Qxe2 Qh3 15. O-O-O O-O-O 16. Qc4 Rd7 17. f4 Ng4 18. Qe2 Re8 19. Qf3 h5 20. Rdf1 Nf6 21. Nge2 Qf5 22. Ng3 Qd3 23. Qe2 Qh7 {0-1 Toniutti,E (2208)-Yoo,C (2603) Titled Tue 10th Sep Late 2024 (7)}) ({RR} 9. Bf1 Qh4 10. Bg2 Bh3 11. Qf3 Nf6 12. Nf5 Bxg2 13. Qxg2 Qe4 14. Qxe4+ Nxe4 15. Nc3 Bb4 16. Bd2 Nxd2 17. Kxd2 g6 18. Ng3 f5 19. Nge2 O-O-O 20. a3 Bf8 21. f4 Bh6 22. h4 Na5 23. Rab1 Rhe8 {1-0 Kuznetsov,S (1851)-Yurasova,D (2077) Dzhubga Open 2023 (3.11)}) 9... Qxh5 10. Nxh5 Nb4 11. Na3 Bg4 12. Be2 Bxe2 13. Kxe2 g6 14. Nf4 Nf6 15. Nb5 Kd7 16. a3 Nc6 17. Rd1 Bd6 18. Nd3 Rhe8 19. Nc5+ Kc8 20. Nxd6+ cxd6 21. Nb3 d5 22. Bd2 b6 23. Rac1 Kd7 24. f3 Nh5 25. Kd3 f5 26. Be1 Re6 27. Bh4 Rae8 28. Re1 h6 29. f4 Re4 30. Bf2 g5 31. fxg5 hxg5 32. Nd2 R4e6 33. h3 Nf6 34. Rg1 g4 35. Rcf1 gxh3 36. Rh1 Rh8 37. Bg3 Ng4 38. Bf4 Ne7 39. Bg5 Rh5 40. Nf3 Ng6 41. Kd2 h2 42. a4 Rh3 43. b4 Rg3 44. b5 Rg2+ 45. Kd3 f4 0-1

[Event "45th Olympiad 2024"]
[Site "Budapest HUN"]
[Date "2024.09.13"]
[Round "3.37"]
[Board "2"]
[White "Delgado Ramirez, Neuris"]
[Black "Smith, Shreyas"]
[Result "1-0"]
[WhiteElo "2484"]
[BlackElo "2226"]
[PlyCount "65"]
[EventDate "2024.09.11"]
[WhiteTeam "Paraguay"]
[BlackTeam "Jamaica"]
[WhiteTeamCountry "PAR"]
[BlackTeamCountry "JAM"]

1. e4 c5 2. Nc3 Nc6 3. Bb5 Nd4 4. Nf3 a6 5. Bd3 Nc6 6. O-O d6 7. a3 g6 8. b4 Bg7 9. Rb1 b5 ({RR} 9... cxb4 10. axb4 b5 11. Nd5 Nf6 12. Bb2 O-O 13. Bxf6 Bxf6 14. Nxf6+ exf6 15. c3 d5 16. exd5 Qxd5 17. Qc2 Qd6 18. Be4 Bb7 19. Rfe1 f5 20. Bxc6 Bxc6 21. Nd4 Bb7 22. f3 Rac8 23. Qd3 Rfd8 24. Qe3 {½-½ Cornette,M (2579)-Sjugirov,S (2695) Titled Tue 20th Feb Early 2024 (4)}) 10. Nd5 $146 ({RR} 10. h3 c4 11. Be2 Nf6 12. d4 d5 13. e5 Ne4 14. Bb2 Bf5 15. Nh4 Nxc3 16. Bxc3 Bd7 17. f4 e6 18. Be1 a5 19. c3 axb4 20. axb4 h5 21. Ra1 Bf8 22. Nf3 Be7 23. Rxa8 Qxa8 24. Bh4 Bxh4 {1-0 Onslow,A (2118)-Chuersakul,S (1641) Titled Tuesday intern op 07th Jun Early blitz 2022 (11)}) ({RR} 10. bxc5 dxc5 11. a4 b4 12. Nd5 Nf6 13. Bb2 O-O 14. Nxf6+ Bxf6 15. e5 Bg7 16. h3 Be6 17. Qe2 Bd5 18. Nh2 a5 19. f4 Rc8 20. Ba6 Rc7 21. Ng4 Be6 22. Bc4 Qd7 23. Bxe6 Qxe6 24. Ne3 Nd4 {1-0 Kovalev,V (2612)-Petrov,N (2547) Baku Open 2023 (8.6)}) 10... e6 11. Ne3 cxb4 12. axb4 d5 13. c3 d4 14. cxd4 Nxd4 15. Nxd4 Bxd4 16. Qb3 Ne7 17. Be2 e5 18. Nc2 Bb6 19. Qg3 f6 20. Kh1 Qc7 21. Ne3 Bb7 22. d3 O-O 23. Bd1 Qd6 24. Ng4 Bc8 25. Bh6 Rf7 26. f4 Bd4 27. fxe5 Bxe5 28. Nxe5 fxe5 29. Bb3 Be6 30. Rxf7 Bxf7 31. Bxf7+ Kxf7 32. Rf1+ Kg8 33. Qf3 1-0

[Event "45th Olympiad 2024"]
[Site "Budapest HUN"]
[Date "2024.09.13"]
[Round "3.37"]
[Board "3"]
[White "Glaves, Raheem"]
[Black "Cubas, Jose Fernando"]
[Result "0-1"]
[WhiteElo "2094"]
[BlackElo "2417"]
[PlyCount "66"]
[EventDate "2024.09.11"]
[WhiteTeam "Jamaica"]
[BlackTeam "Paraguay"]
[WhiteTeamCountry "JAM"]
[BlackTeamCountry "PAR"]

1. Nf3 Nf6 2. g3 g6 3. Bg2 Bg7 4. O-O O-O 5. c4 d6 6. Nc3 e5 7. d3 Nc6 8. Bg5 h6 9. Bd2 Be6 10. Qc1 Kh7 11. Rb1 a5 12. a3 Qd7 13. b4 axb4 14. axb4 Bh3 15. Nd5 $146 ({RR} 15. e4 Bxg2 16. Kxg2 Ng4 17. h3 Nf6 18. b5 Ne7 19. Ra1 Rab8 20. Ra2 Nh5 21. Nh2 f5 22. f4 Rf7 23. g4 fxg4 24. Nxg4 Nxf4+ 25. Bxf4 exf4 26. Rxf4 Rxf4 27. Qxf4 Bxc3 28. Nf6+ Bxf6 29. Qxf6 Ng8 {0-1 Bangert,B (1776)-Zeuner,O (1567) GER-ch U25-A 2016 (7)}) ({RR} 15. e4 Nh5 16. Nd5 Bxg2 17. Kxg2 f5 18. b5 Nd4 19. Nxd4 exd4 20. f3 fxe4 21. fxe4 Rxf1 22. Qxf1 Rf8 23. Qe2 c6 24. bxc6 bxc6 25. Nf4 Nf6 26. Rf1 Ng4 27. h3 Ne5 28. h4 Ng4 29. Nh3 Re8 {0-1 Brockmann,M (1467)-Majewski,T (1770) Hannover Region-ch 2016 (5)}) 15... Bxg2 16. Nxf6+ Bxf6 17. Kxg2 Bg7 18. b5 Nd8 19. Bc3 Ne6 20. Qc2 f5 21. Rfc1 Rae8 22. Nd2 h5 23. Ra1 Bh6 24. Ra7 b6 25. Rca1 Bxd2 26. Qxd2 f4 27. d4 exd4 28. Bxd4 Nxd4 29. Qxd4 Rxe2 30. Qxb6 f3+ 31. Kh1 Rf7 32. Rxc7 Qxc7 33. Qd4 Qe7 0-1

[Event "45th Olympiad 2024"]
[Site "Budapest HUN"]
[Date "2024.09.13"]
[Round "3.37"]
[Board "4"]
[White "Latorre, Matias"]
[Black "Shaw, Jaden"]
[Result "1-0"]
[WhiteElo "2264"]
[BlackElo "2051"]
[PlyCount "145"]
[EventDate "2024.09.11"]
[WhiteTeam "Paraguay"]
[BlackTeam "Jamaica"]
[WhiteTeamCountry "PAR"]
[BlackTeamCountry "JAM"]

1. c4 Nf6 2. Nc3 c5 3. Nf3 g6 4. e3 Bg7 5. d4 cxd4 6. exd4 d5 7. Qb3 dxc4 8. Bxc4 O-O 9. Ne5 e6 10. Be3 Nc6 11. Nxc6 bxc6 12. O-O ({RR} 12. Be2 Nd5 13. Nxd5 cxd5 14. O-O a5 15. Rfc1 Ba6 16. Bxa6 Rxa6 17. Rc5 a4 18. Qb5 Qb6 19. Rac1 h5 20. g3 Bf6 21. Qd3 Ra7 22. R1c2 Rb7 23. h4 Bg7 24. Kg2 Ra8 25. Qd1 Qa6 26. Qd2 Bf8 {½-½ Cruz,F (2249)-Berdayes Ason,D (2476) 48th Badalona Open 2024 (7.1)}) 12... Qc7 13. Ne2 $146 ({RR} 13. h3 Nd5 14. Rac1 Rb8 15. Qc2 Nxe3 16. fxe3 c5 17. Ne2 cxd4 18. Nxd4 Qb6 19. b3 Bxd4 20. exd4 Qxd4+ 21. Qf2 Qxf2+ 22. Rxf2 Rd8 23. Re1 Rb6 24. Re5 Rc6 25. Ra5 Rc7 26. g4 h6 27. Kh2 Kg7 {0-1 Pogats,J-Szabo,L HUN-ch16 Budapest 1961}) ({RR} 13. h3 Rb8 14. Qc2 Nd5 15. Bxd5 cxd5 16. Rfc1 Qe7 17. b3 Bd7 18. Qd2 Qb4 19. Rc2 Rfc8 20. Rac1 Qb7 21. Bf4 Ra8 22. Bd6 Qb6 23. Bc5 Qd8 24. b4 Qh4 25. Re1 Rc7 26. Rb2 Rac8 27. a4 Bf8 {1-0 Kicinski,J (1955)-Pyka,R (1991) Rubinstein Memorial-C 53rd 2017 (6)}) 13... Nd5 14. Bxd5 cxd5 15. Rfc1 Qb6 16. Qxb6 axb6 17. Rc6 Ba6 18. Nc3 b5 19. Rb6 Bf6 20. a3 Rfc8 21. Rc1 Bd8 22. Rd6 Kf8 23. Bf4 Ke8 24. g3 g5 25. Be5 Ke7 26. Re1 Bb7 27. Nxb5 Ra5 28. Rxd8 Rxd8 29. Nc3 Rc8 30. g4 Rc4 31. Rd1 Ra6 32. Bg3 Rb6 33. Rd2 Rb3 34. f3 Bc8 35. Kf2 Bd7 36. Ke1 Rc6 37. Kd1 Rcb6 38. Kc1 f6 39. h4 Kf7 40. hxg5 fxg5 41. Be5 Kg8 42. Bf6 Be8 43. Be7 Ra6 44. Bb4 Bg6 45. Rf2 Rc6 46. Kd1 Rc4 47. Rd2 Kf7 48. Ke2 h5 49. gxh5 Bxh5 50. Kf2 Kg6 51. Bd6 Rc6 52. Bb4 Rc4 53. Bd6 Kf5 54. Ke3 Bf7 55. Rg2 Rb7 56. Be5 Bg6 57. Kd3 Rc8 58. b4 Ra8 59. Ra2 Be8 60. Bd6 Ra6 61. Bc5 Kf4 62. a4 Kxf3 63. a5 g4 64. Ra1 g3 65. Rf1+ Kg2 66. Rf8 Bg6+ 67. Ke3 Rg7 68. Bb6 Bh7 69. Ne2 Kh1 70. b5 Rxb6 71. axb6 g2 72. Kf2 Rb7 73. Rf4 1-0

[Event "45th Olympiad 2024"]
[Site "Budapest HUN"]
[Date "2024.09.13"]
[Round "3.38"]
[Board "3"]
[White "Vazquez, Facundo"]
[Black "Rocha, Maximiliano"]
[Result "1-0"]
[WhiteElo "2388"]
[BlackElo "2156"]
[PlyCount "65"]
[EventDate "2024.09.11"]
[WhiteTeam "Uruguay"]
[BlackTeam "Nicaragua"]
[WhiteTeamCountry "URU"]
[BlackTeamCountry "NCA"]

1. d4 d5 2. c4 e6 3. Nf3 h6 4. g3 Nf6 5. Bg2 Bd6 6. O-O O-O 7. c5 ({RR} 7. Nc3 Nc6 8. b3 dxc4 9. bxc4 e5 10. Bb2 exd4 11. Nxd4 Ne5 12. Qb3 c6 13. Rad1 Qe7 14. h3 Be6 15. Nxe6 Qxe6 16. Na4 Ned7 17. Qxb7 Rfc8 18. Qa6 Be5 19. Ba3 Nb6 20. Rc1 Bxg3 21. Nc5 Qxe2 {1-0 Le,Q (2709)-Fedoseev,V (2678) PNWCC Online blitz JP 11th 2020 (10)}) ({RR} 7. Nbd2 Nc6 8. b3 b6 9. Bb2 Bb7 10. Rc1 Qe7 11. Qc2 Nb4 12. Qb1 c5 13. Rfd1 Rac8 14. Ne5 Rfd8 15. e4 Bxe5 16. dxe5 Nxe4 17. Nxe4 dxe4 18. Bxe4 Bxe4 19. Qxe4 Nxa2 20. Ra1 Nb4 21. Rd6 Rxd6 {0-1 Mizzi,J (1960)-Spata,G (2399) Titled Tue 6th Aug Early 2024 (5)}) 7... Be7 8. Qc2 $146 ({RR} 8. Nc3 b6 9. cxb6 axb6 10. Ne5 Nfd7 11. Nd3 Bb7 12. e4 dxe4 13. Nxe4 Nc6 14. Be3 Nf6 15. Rc1 Nxe4 16. Bxe4 Na5 17. Bxb7 Nxb7 18. a3 Rc8 19. Qg4 Kh8 20. Rfd1 Qe8 21. Ne5 Bd6 22. Qh5 Kh7 {1-0 Martinez Ramirez,L (2426)-Baches Garcia,G (2327) Titled Tue 23rd May Early 2023 (6)}) ({RR} 8. b4 b6 9. Bb2 a5 10. a3 axb4 11. axb4 Rxa1 12. Bxa1 Nc6 13. Qa4 Bd7 14. b5 Na5 15. c6 Be8 16. Bc3 Nc4 17. Nbd2 Nxd2 18. Nxd2 Bd6 19. Ra1 h5 20. Bb4 h4 21. Qa3 Bxb4 22. Qxb4 hxg3 {1-0 Xu,Y (2502)-Baches Garcia,G (2327) Titled Tue 20th Jun Early 2023 (1)}) 8... b6 9. b4 c6 10. a4 Bd7 11. Ne5 a5 12. b5 Be8 13. Na3 bxc5 14. dxc5 Qc7 15. Nd3 Bd7 16. Bf4 Qb7 17. Rab1 Rc8 18. Rfc1 Be8 19. Qa2 Nbd7 20. b6 Ne4 21. Be3 e5 22. Bxe4 dxe4 23. Nb2 Nf6 24. Nbc4 Nd5 25. Nd6 Bxd6 26. cxd6 Rd8 27. Nc4 f6 28. Bc5 Bf7 29. Qd2 Qd7 30. b7 Rab8 31. Nxa5 Bg6 32. Be3 Qxd6 33. Nxc6 1-0

[Event "45th Olympiad 2024"]
[Site "Budapest HUN"]
[Date "2024.09.13"]
[Round "3.38"]
[Board "4"]
[White "Ortiz, Marcos"]
[Black "Coppola, Claudio"]
[Result "1/2-1/2"]
[WhiteElo "2191"]
[BlackElo "2286"]
[PlyCount "144"]
[EventDate "2024.09.11"]
[WhiteTeam "Nicaragua"]
[BlackTeam "Uruguay"]
[WhiteTeamCountry "NCA"]
[BlackTeamCountry "URU"]

1. e4 c5 2. Nf3 d6 3. d4 cxd4 4. Nxd4 Nf6 5. Bb5+ Bd7 6. c4 e5 ({RR} 6... Nc6 7. Nc3 g6 8. h3 Nxd4 9. Bxd7+ Qxd7 10. Qxd4 Bg7 11. Be3 O-O 12. Qd3 Qc6 13. Bd4 a6 14. Nd5 Nxd5 15. exd5 Qd7 16. Bxg7 Kxg7 17. O-O b5 18. b4 Qf5 19. Qe2 bxc4 20. Qxc4 Rfc8 21. Qd4+ {½-½ Nepomniachtchi,I (2773)-Vachier Lagrave,M (2750) Bucharest Superbet Classic 2022 (5)}) ({RR} 6... Nc6 7. Nc3 g6 8. O-O Bg7 9. Nxc6 Bxc6 10. Bxc6+ bxc6 11. Be3 O-O 12. h3 Qc8 13. Rc1 c5 14. Qd2 Qb7 15. Rfe1 Rab8 16. b3 Rfd8 17. Bg5 a6 18. Re2 Rd7 19. Rce1 Ne8 20. Nd5 e6 21. Nc3 {½-½ Stratonowitsch,A (2154)-Birhanu,T (2077) 45th Olympiad 2024 (4.66)}) 7. Nb3 $146 ({RR} 7. Nf5 Nxe4 8. Qd5 Bxb5 9. cxb5 Qc7 10. O-O Nf6 11. Qf3 Nbd7 12. Nc3 h5 13. Bg5 g6 14. Ne3 Bg7 15. Ned5 Nxd5 16. Nxd5 Qb8 17. Rac1 O-O 18. Nc7 Nc5 19. Nxa8 e4 20. Qe2 Qxa8 21. Be7 Re8 {1-0 Lees,D-Sutton,A British CF-57 Championship 1970 (4)}) ({RR} 7. Nf5 d5 8. Bxd7+ Qxd7 9. cxd5 Nxe4 10. Qg4 Bb4+ 11. Nc3 Bxc3+ 12. bxc3 g6 13. Ng7+ Kf8 14. Qxe4 Kxg7 15. Qxe5+ f6 16. Qd4 Rd8 17. c4 Nc6 18. Qc3 Re8+ 19. Be3 Ne5 20. Rd1 Qg4 21. O-O Qxc4 {1-0 Razafindratsima,T (2431)-Lutsko,A (2431) Wch U16 Mamaia 2022 (6)}) 7... a6 8. Bxd7+ Nbxd7 9. Be3 Nxe4 10. Qd5 Ndf6 11. Qxb7 Qc8 12. Qxc8+ Rxc8 13. f3 Rxc4 14. fxe4 Rxe4 15. Kd2 d5 16. Nc3 Rg4 17. Rae1 Rxg2+ 18. Kc1 Bd6 19. Bf4 Ng4 20. Nxd5 Nf2 21. Rhf1 Nd3+ 22. Kb1 Nxe1 23. Rxe1 O-O 24. Bg3 f5 25. Ne3 Rxg3 26. hxg3 e4 27. g4 Bb4 28. Rf1 f4 29. Nd5 Bd6 30. Nd4 f3 31. Nf5 Bc5 32. Nc3 g6 33. Nh6+ Kg7 34. Nxe4 Be7 35. g5 Rf4 36. Nf2 Bxg5 37. Nhg4 h5 38. Ne5 Bf6 39. Ned3 Rf5 40. Ne4 Bd4 41. Kc2 h4 42. Ndf2 g5 43. Kd3 Bb6 44. Ng4 Rf4 45. Ne3 g4 46. Nd5 g3 47. Nxf4 g2 48. Rd1 g1=Q 49. Rxg1+ Bxg1 50. Nh3 Bb6 51. Nd2 f2 52. Ke2 Bd4 53. b3 Kg6 54. Nf3 Bf6 55. Nxf2 Kf5 56. Ke3 Bd8 57. Nd4+ Kg6 58. Kf3 Bb6 59. Ne2 Kf5 60. Ne4 Ke5 61. Nd2 Bd8 62. Kg4 Kd5 63. Kf5 Kc5 64. a3 h3 65. Nf3 Bc7 66. Nf4 h2 67. Nxh2 Kd4 68. Ne6+ Kc3 69. Nc5 Bxh2 70. b4 Kb2 71. Nxa6 Kxa3 72. b5 Ka4 1/2-1/2